Celebrity Spokesperson and Product Quiz Stats

 Plays Quiz not verified by Sporcle

Challenge
Share
Tweet
Embed
Score 0/25 Timer 08:00
0 Plays Today
% Correct
Flo
71.3%
Michael Phelps
67.8%
William Shatner
64.4%
Bill Cosby
60.9%
Matthew McConaughey
60.9%
Samuel L. Jackson
58.6%
Michael Jordan
58.6%
Ellen Degeneres
51.7%
Jessica Simpson
50.6%
Randy Savage
50.6%
Valerie Bertinelli
50.6%
Mark Wahlberg
48.3%
Sarah Mclachlan
47.1%
% Correct
Sofia Vergara
41.4%
Peyton Manning
41.4%
Fabio
40.2%
Lebron James
39.1%
Wilford Brimley
37.9%
Tony Hawk
36.8%
Ashton Kutcher
36.8%
Kathie Lee Gifford
34.5%
Halle Berry
32.2%
Kelly Ripa
31%
Jennifer Aniston
25.3%
Pierce Brosnan
19.5%

You're not logged in!

Compare scores with friends on all Sporcle quizzes.
OR
Log In

You Might Also Like...

Show Comments

Extras

Top Quizzes Today


Score Distribution

Your Account Isn't Verified!

In order to create a playlist on Sporcle, you need to verify the email address you used during registration. Go to your Sporcle Settings to finish the process.

Report this User

Report this user for behavior that violates our Community Guidelines.

Details: